[Event "TC Hartwell Memorial"]
[Site "Twin Falls, ID"]
[Date "2006.05.27"]
[Round "3.5"]
[White "Jiang, Adam Z"]
[Black "Porth, Adam"]
[Result "1-0"]
[WhiteElo "1344"]
[BlackElo "575"]

1. e4 e5 2. Nf3 Nc6 3. d4 Nf6 4. Nc3 h6 5. Nxe5 a6 6. Nxc6 dxc6 7. Bf4 Bb4 8.
Qd3 Qe7 9. Be5 Rg8 10. f3 Nd7 11. Bg3 Nf6 12. O-O-O Nh5 13. Kb1 Be6 14. Be2
O-O-O 15. Qe3 Nf6 16. Rhf1 g5 17. e5 Bf5 18. Bf2 Nd5 19. Nxd5 cxd5 20. Bd3 Bg6
21. Bxg6 Rxg6 22. a3 Ba5 23. Be1 Bb6 24. Bb4 Qe8 25. f4 Qa4 26. f5 Rc6 27. Qe2
Re8 28. b3 Qb5 29. Qxb5 axb5 30. f6 Kd7 31. Be7 Rg8 32. Rd3 g4 33. c3 h5 34.
Rf4 h4 35. h3 gxh3 36. gxh3 Rg1+ 37. Kc2 Ba7 38. Rxh4 Rg2+ 39. Rd2 Rg3 40. Bb4
Ra6 41. Rh2 Rc6 42. Kb2 Re6 43. Rh7 c5 44. dxc5 Bb8 45. Rxf7+ Kc6 46. Rf8 Bxe5
47. f7 Rf3 48. Re2 d4 49. Rc8+ Kd7 50. f8=Q Rxf8 51. Rxf8 d3 52. Rd2 Rh6 53.
Rxd3+ Kc6 54. Rc8+ Bc7 55. Rd6+ Rxd6 56. cxd6 Kd7 57. Rxc7+ Kd8 58. Rh7 b6 59.
Kc2 Kc8 60. Kd3 Kd8 61. Kd4 Kc8 62. Kd5 Kd8 63. Ke6 Ke8 64. Rh8# 1-0

[Event "Idaho Open"]
[Site "Twin Falls, ID"]
[Date "2006.08.26"]
[Round "1.6"]
[White "Roland, Jeffrey T"]
[Black "Porth, Adam"]
[Result "1-0"]
[WhiteElo "1700"]
[BlackElo "596"]

1. e4 e5 2. Nf3 Nc6 3. Bb5 a6 4. Ba4 Nf6 5. O-O Bc5 6. c3 Nxe4 7. d4 Be7 8.
Re1 d5 9. Nxe5 Bd6 10. f3 Bf5 11. fxe4 Bxe4 12. Nf3 O-O 13. Be3 Ne7 14. Nbd2
f5 15. Ng5 Qc8 16. Ndxe4 fxe4 17. Qh5 h6 18. Nh3 Rf5 19. Qe2 g5 20. Rf1 Qf8
21. Rxf5 Nxf5 22. Rf1 c6 23. g4 b5 24. Rxf5 Qb8 25. Bb3 a5 26. Rxd5 Bc7 27.
Rxb5+ Kf8 28. Rxb8+ Bxb8 29. Qf2+ Ke7 30. Qf7+ Kd6 31. c4 Ra7 32. c5# 1-0

[Event "Idaho Open"]
[Site "Twin Falls, ID"]
[Date "2006.08.27"]
[Round "5.6"]
[White "Bartell, Fred"]
[Black "Porth, Adam"]
[Result "1-0"]
[WhiteElo "1814"]
[BlackElo "596"]

1. c4 e5 2. Nc3 c6 3. Nf3 d6 4. e4 h6 5. Be2 Nf6 6. d4 exd4 7. Nxd4 Nbd7 8.
Qc2 Ne5 9. h3 c5 10. Nf5 Bxf5 11. exf5 a6 12. Bf4 Nfd7 13. Nd5 Be7 14. O-O O-O
15. Rad1 b5 16. cxb5 axb5 17. a3 Rc8 18. Bxb5 Qa5 19. Nxe7+ Kh8 20. Nxc8 Qxb5
21. Nxd6 Qc6 22. Bxe5 Nxe5 23. Ne4 f6 24. Rd6 Qc8 25. Nxc5 Qb8 26. Rfd1 Nf7
27. R6d5 Rc8 28. b4 Re8 29. Qb3 Ng5 30. Rd7 Qf4 31. Rd8 Qe5 32. Rxe8+ Qxe8 33.
Ne6 Qf7 34. Rd8+ Kh7 35. Nxg5+ hxg5 36. Qxf7 g4 37. Qh5# 1-0

[Event "WIO (Reserve)"]
[Site "Boise, ID"]
[Date "2006.12.09"]
[Round "3.7"]
[White "Porth, Adam"]
[Black "Andrade, Dylan F"]
[Result "1-0"]
[WhiteElo "658"]
[BlackElo "432"]

1. e4 e5 2. Bc4 Nf6 3. Nc3 Bc5 4. h3 O-O 5. Nf3 Nc6 6. a3 h6 7. b4 Bd6 8. Ne2
a6 9. Ng3 b5 10. Bb3 Be7 11. d3 Nd4 12. Nxd4 exd4 13. Nf5 c5 14. Bd5 Nxd5 15.
exd5 d6 16. Qg4 g6 17. bxc5 Bxf5 18. Qxd4 dxc5 19. Qc3 Kh7 20. Bb2 Rg8 21. g4
b4 22. Qd2 Bg5 23. Qd1 Qxd5 24. Rf1 Qe5+ 25. Bxe5 Rge8 26. f4 Bh4+ 27. Kd2 Bd7
28. Qf3 Rac8 29. axb4 Bc6 30. Qd1 cxb4 31. Rxa6 Bb5 32. Ra7 Bc6 33. Rxf7+ Kg8
34. Rg7+ Kf8 35. Rxg6 Bg2 36. Rg1 Bxh3 37. Rxh6 Bf2 38. Rh1 Bg2 39. R1h5 Rb8
40. Rf5+ Ke7 41. Rh7+ Kd8 42. Bxb8 Be3+ 43. Ke1 Bxf4+ 44. Kf2 Bxb8 45. Kxg2
Rg8 46. Rd5+ Ke8 47. Qe1+ Kf8 48. Qe7# 1-0

[Event "WIO (Reserve)"]
[Site "Boise, ID"]
[Date "2006.12.10"]
[Round "4.3"]
[White "Porth, Adam"]
[Black "Jiang, Robert Z"]
[Result "1-0"]
[WhiteElo "658"]
[BlackElo "852"]

1. e4 e5 2. Nc3 Nf6 3. a3 Bc5 4. h3 d6 5. g4 Nc6 6. Nf3 Bxg4 7. d3 Bh5 8. Be3
Nd4 9. Bxd4 Bxd4 10. Qe2 d5 11. Nxd5 Nxd5 12. exd5 Qxd5 13. Bg2 Qa5+ 14. c3
Bxc3+ 15. Kf1 Bd4 16. Qe4 Qb5 17. Nxd4 Qc5 18. Re1 f6 19. Nf5 Bg6 20. h4 Rg8
21. h5 Bf7 22. Ne3 c6 23. Qxh7 O-O-O 24. Nf5 Qf8 25. Bh3 Kb8 26. Ne3 Rxd3 27.
Qf5 Rd8 28. Qc2 Bxh5 29. Bg4 Bxg4 30. Nxg4 Rh8 31. Rh7 Qg8 32. Rh2 Rd4 33. Rg2
Rh1+ 34. Ke2 Rc4 35. Qd3 Rxe1+ 36. Kxe1 Rc1+ 37. Kd2 Rc5 38. Nxf6 Qf7 39. Qd8#
1-0

[Event "WIO (Reserve)"]
[Site "Boise, ID"]
[Date "2006.12.10"]
[Round "5.2"]
[White "Harmon-Vellotti, Carl Honor"]
[Black "Porth, Adam"]
[Result "1-0"]
[WhiteElo "1165"]
[BlackElo "658"]

1. e4 e5 2. Nf3 Nc6 3. Bc4 h6 4. Nc3 b6 5. d3 Nge7 6. Be3 Bb7 7. Qd2 d6 8. O-O
Qd7 9. Rfb1 a6 10. d4 b5 11. Bb3 Na5 12. d5 f5 13. a4 f4 14. Bxf4 exf4 15.
axb5 Nxb3 16. cxb3 g5 17. Nd4 Bg7 18. Ne6 Bxc3 19. Qxc3 Bxd5 20. Qxh8+ Kf7 21.
Qg7+ Kxe6 22. exd5+ Kxd5 23. Rd1+ Kc5 24. Re1 Qf5 25. Qxe7 Qd5 26. Qxc7+ Kxb5
27. Ra5+ Kb4 28. Rxd5 Kxb3 29. Qb7+ Kc4 30. Rc1# 1-0

[Event "Idaho Closed"]
[Site "Boise, ID"]
[Date "2007.02.17"]
[Round "1.11"]
[White "Powers, Bobby C"]
[Black "Porth, Adam"]
[Result "1-0"]
[WhiteElo "1716"]
[BlackElo "757"]

1. e4 e5 2. Nf3 d6 3. d4 Nd7 4. dxe5 h6 5. exd6 Bxd6 6. Bc4 Ngf6 7. Nc3 Bb4 8.
Bd2 O-O 9. e5 Re8 10. a3 Nxe5 11. Nxe5 Rxe5+ 12. Be2 Bd6 13. Bf4 Re8 14. Bxd6
cxd6 15. O-O a6 16. Qd2 Qc7 17. Rad1 Rd8 18. Bf3 Be6 19. Qf4 Rd7 20. Rd2 Qb6
21. Na4 Qc7 22. Rfd1 Rad8 23. Qe3 d5 24. c4 Re7 25. Qb6 Qb8 26. Nc3 Nd7 27.
Qb4 Rde8 28. Nxd5 Bxd5 29. Rxd5 Re1+ 30. Rxe1 Rxe1+ 31. Qxe1 Nf6 32. Re5 g5
33. Re7 Kg7 34. Rxb7 Qf4 35. Bd5 Kg6 36. Bxf7+ Kf5 37. Qe6# 1-0

[Event "Idaho Closed"]
[Site "Boise, ID"]
[Date "2007.02.18"]
[Round "3.13"]
[White "Nahlen, John P"]
[Black "Porth, Adam"]
[Result "1-0"]
[WhiteElo "1388"]
[BlackElo "757"]

1. e4 e5 2. Nf3 Nc6 3. Bc4 Nf6 4. Nc3 a6 5. Ng5 Qe7 6. Nxf7 Rg8 7. Ng5 Rh8 8.
d3 h6 9. Nf3 b5 10. Bb3 Bb7 11. Nh4 Qd8 12. Nd5 Nxd5 13. Qh5+ Ke7 14. Nf5+ Kf6
15. Qh4+ Kg6 16. Qg4+ Kh7 17. Bxd5 Rg8 18. Nxh6 g6 19. Bxg8+ Kh8 20. Qxg6 Qe7
21. Nf7+ Qxf7 22. Bxf7 Bg7 23. Bh6 Rg8 24. Bxg7+ Rxg7 25. Qh6+ Rh7 26. Qf8#
1-0

[Event "Idaho Closed"]
[Site "Boise, ID"]
[Date "2007.02.19"]
[Round "6.13"]
[White "Maguire, James H"]
[Black "Porth, Adam"]
[Result "1-0"]
[WhiteElo "1242"]
[BlackElo "757"]

1. Nf3 d5 2. c4 e6 3. g3 Nf6 4. Bg2 Nc6 5. b3 Bc5 6. Bb2 d4 7. d3 e5 8. O-O
Be6 9. Na3 a6 10. Nc2 Qd7 11. Ng5 O-O-O 12. Nxe6 Qxe6 13. a3 h5 14. b4 Be7 15.
f3 h4 16. Qe1 Rdg8 17. g4 g6 18. Rf2 h3 19. Bh1 Nxg4 20. fxg4 Qxg4+ 21. Kf1
Bh4 22. b5 Nb8 23. e3 Re8 24. Qe2 Qe6 25. Bd5 Qd6 26. Qf3 f5 27. Re2 Ref8 28.
Bxb7+ Kd8 29. Qd5 e4 30. Qxd6+ cxd6 31. Nxd4 f4 32. Ne6+ Ke7 33. Nxf8 Rxf8 34.
Bxe4 fxe3+ 35. Kg1 Nd7 36. Bd4 Bf6 37. Bxf6+ Rxf6 38. Rf1 Re6 39. Rxe3 Ne5 40.
Rxh3 axb5 41. cxb5 Ng4 42. b6 d5 43. b7 dxe4 44. Rh7+ Kd6 45. b8=Q+ Kc5 46.
Qb4+ Kd5 47. Rd7+ Kc6 48. Qb7+ Kc5 49. Rc1# 1-0

[Event "Idaho Closed"]
[Site "Twin Falls, ID"]
[Date "2009.02.14"]
[Round "1.10"]
[White "Abderhalden, Katherine Louise"]
[Black "Porth, Adam"]
[Result "0-1"]
[WhiteElo "1543"]
[BlackElo "778"]

1. d4 d5 2. Bf4 Bf5 3. e3 a6 4. c4 Nf6 5. Nc3 e6 6. Nf3 Bb4 7. Be2 Nc6 8. O-O
Bxc3 9. bxc3 O-O 10. Bg5 h6 11. Bh4 b6 12. cxd5 exd5 13. Ne5 Qd6 14. Bg3 Ne4
15. Rc1 Nxe5 16. Bxe5 Qa3 17. f3 Nxc3 18. Qd2 Nxe2+ 19. Qxe2 Bd3 20. Qd2 Bxf1
21. Kxf1 c5 22. dxc5 bxc5 23. Bd6 Rfc8 24. Rc3 Qb4 25. Qc2 Qb5+ 26. Kg1 c4 27.
a4 Qb6 28. Be5 Re8 29. Bd4 Qb7 30. Qf5 f6 31. Rc1 Rab8 32. h3 Qc6 33. Rc3 Rb3
34. a5 Rxc3 35. Bxc3 Rxe3 36. Qc2 Qe6 37. Bd4 Re1+ 38. Kh2 Qd6+ 39. g3 Qe6
{#R} 0-1

[Event "Idaho Closed"]
[Site "Twin Falls, ID"]
[Date "2009.02.14"]
[Round "2.5"]
[White "Porth, Adam"]
[Black "Anderson, Mark"]
[Result "0-1"]
[WhiteElo "880"]
[BlackElo "1620"]

1. e4 g6 2. Nf3 Bg7 3. d4 d6 4. Bc4 Nf6 5. Nc3 O-O 6. O-O Bg4 7. Be2 Nc6 8. h3
Bd7 9. a3 Ne8 10. Bg5 a6 11. Qd2 b5 12. Bh6 f6 13. d5 Ne5 14. Nxe5 fxe5 15.
Bf3 Bxh3 16. gxh3 Rxf3 17. Kg2 Rf7 18. Ne2 Nf6 19. Ng3 Qf8 20. Be3 Kh8 21. Qc3
Qc8 22. Qc6 Rf8 23. Bd2 Qd7 24. Qxd7 Nxd7 25. b4 Nb6 26. Bg5 Rf7 27. h4 Bf6
28. Bxf6+ Rxf6 29. h5 Kg7 30. Rh1 Raf8 31. Raf1 Rf3 32. Nf5+ R3xf5 33. exf5
Rxf5 34. h6+ Kg8 35. Rd1 e4 36. Rd4 Rg5+ 37. Kf1 Nxd5 38. Rxe4 e5 39. Rh3 Rf5
40. c4 Nf6 41. Ree3 bxc4 42. Ref3 Rxf3 43. Rxf3 Kf7 44. Ke2 Ke7 45. Rc3 d5 46.
a4 Ne4 47. Rc1 c6 48. Ke3 Nd6 49. f4 d4+ 50. Kf3 e4+ 51. Ke2 Ke6 52. f5+ Kxf5
53. Rf1+ Kg5 54. Rd1 d3+ 55. Ke3 c3 56. Rxd3 exd3 57. Kxd3 Ne4 58. Kc2 Kxh6
59. Kb3 g5 60. Kc4 c2 61. b5 c1=Q+ 62. Kb4 Qc3# 0-1

[Event "Idaho Closed"]
[Site "Twin Falls, ID"]
[Date "2009.02.15"]
[Round "3.9"]
[White "Lundy III, George W"]
[Black "Porth, Adam"]
[Result "1-0"]
[WhiteElo "1481"]
[BlackElo "880"]

1. e4 e5 2. Nf3 Nc6 3. Bb5 Nge7 4. O-O d5 5. Nxe5 Bd7 6. Nxd7 Qxd7 7. exd5
Nxd5 8. Re1+ Be7 9. c4 Nb6 10. c5 Nd5 11. Nc3 O-O-O 12. Nxd5 Qxd5 13. Bxc6
Qxc5 14. Bf3 Bf6 15. Qb3 b6 16. d3 Rhf8 17. Be3 Qd6 18. Rad1 Be5 19. Qb5 Kb8
20. g3 Bf6 21. Qa6 c6 22. Bf4 Qxf4 23. gxf4 Rd6 24. Rc1 Rc8 25. Rc2 Rxd3 26.
Rxc6 Rxc6 27. Bxc6 Kc7 28. Qb7+ Kd6 29. Qd7+ Kc5 30. Qxd3 Kxc6 31. Rc1+ Kb7
32. Qb5 g5 33. Rd1 gxf4 34. Rd7+ Ka8 35. Qc6+ Kb8 36. Qb7# 1-0

[Event "Idaho Closed"]
[Site "Twin Falls, ID"]
[Date "2009.02.15"]
[Round "4.12"]
[White "Porth, Adam"]
[Black "Ramalingam, Deeban"]
[Result "0-1"]
[WhiteElo "880"]
[BlackElo "1080"]

1. e4 e5 2. Nf3 Nc6 3. Bb5 a6 4. Bxc6 dxc6 5. Nxe5 Qd4 6. Nf3 Qxe4+ 7. Qe2
Qxe2+ 8. Kxe2 Nf6 9. h3 Be6 10. Re1 Bd6 11. Ng5 O-O 12. Nxe6 fxe6 13. d3 Rad8
14. Kf1 e5 15. Nc3 Nd5 16. Ne4 Rd7 17. a3 Rdf7 18. c4 Nf6 19. Be3 Nxe4 20.
dxe4 b6 21. f3 Rb8 22. b4 b5 23. Bc5 Ra8 24. a4 Bxc5 25. bxc5 Rff8 26. cxb5
cxb5 27. a5 c6 28. Red1 Rfd8 29. Ke2 Kf7 30. Ra2 Ke7 31. Rad2 Rab8 32. g4 b4
33. Rd6 Rxd6 34. Rxd6 Rb5 35. Rxc6 b3 36. Rxa6 b2 37. Ra7+ Kd8 38. Rxg7 b1=Q
39. Kf2 Qc2+ 40. Kg3 Qxc5 41. Rg8+ Ke7 42. g5 Qg1+ 43. Kh4 Kf7 44. Rh8 Kg7 45.
Re8 Rxa5 46. Kh5 Qa7 47. h4 Qf7+ 48. Kg4 Qxe8 49. Kf5 Qf7+ 50. Kg4 Qf4+ 51.
Kh5 Qxf3# 0-1

[Event "Idaho Closed"]
[Site "Twin Falls, ID"]
[Date "2009.02.16"]
[Round "5.13"]
[White "Porth, Adam"]
[Black "Pemsler, Carmen"]
[Result "1-0"]
[WhiteElo "880"]
[BlackElo "626"]

1. e4 e5 2. Nf3 Nc6 3. Bb5 Nge7 4. d4 exd4 5. Nxd4 g6 6. Bg5 Bg7 7. c3 O-O 8.
O-O Re8 9. Na3 a6 10. Bc4 b5 11. Nxc6 dxc6 12. Qxd8 Rxd8 13. Bxe7 Re8 14.
Bxf7+ Kxf7 15. Bc5 Rxe4 16. Rad1 Bf8 17. Bxf8 Kxf8 18. Rd8+ Re8 19. Rfd1 Kf7
20. R8d2 Bg4 21. f3 Bf5 22. g4 Be6 23. b3 Kf8 24. Nc2 Bc8 25. Kf2 Bb7 26. Rd7
Rac8 27. Rxh7 Rcd8 28. Rhd7 Rc8 29. h4 Kg8 30. g5 Re5 31. Ne3 c5 32. Ng4 Ree8
33. Nf6+ Kh8 34. Nxe8 Rxe8 35. Rxc7 Ba8 36. Rxc5 Rf8 37. Rd3 Rf4 38. Rc7 Rf8
39. Ra7 Be4 40. Re3 Bb1 41. Rxa6 Rf4 42. Rf6 Rxh4 43. Re8+ Kg7 44. Re7+ Kg8
45. Rb6 Rh2+ 46. Kg3 Rxa2 47. Rb8# 1-0

[Event "Idaho Closed"]
[Site "Twin Falls, ID"]
[Date "2009.02.16"]
[Round "6.11"]
[White "Weathers, Rickey D"]
[Black "Porth, Adam"]
[Result "0-1"]
[WhiteElo "1389"]
[BlackElo "880"]

1. d4 d5 2. e3 a6 3. Bd3 e6 4. c3 Nf6 5. Nd2 c5 6. a3 c4 7. Bc2 b5 8. f4 e5 9.
fxe5 Ng4 10. Ndf3 Be7 11. Ne2 O-O 12. O-O Bh4 13. Nf4 Be6 14. g3 Be7 15. h3
Nh6 16. g4 Bg5 17. Nh2 Bh4 18. Qf3 Qe7 19. Bd2 Qd7 20. Be1 Bg5 21. Rf2 Nc6 22.
Rg2 f6 23. h4 Bxf4 24. exf4 fxe5 25. dxe5 Nxe5 26. Qe2 Nexg4 27. Bg3 Rae8 28.
Rf1 Nxh2 29. Bxh2 Bh3 30. Qf3 Bxg2 31. Qxg2 Qg4 32. Bg3 Re2 33. Rf2 Re1+ 34.
Kh2 Qe6 35. Qh3 Ng4+ 36. Kg2 Nxf2 37. Qxe6+ Rxe6 38. Kxf2 Rfe8 39. Bd1 Re1 40.
Bf3 Rb1 41. Bxd5+ Kh8 42. Bc6 Rxb2+ 43. Kf3 Ree2 44. f5 Red2 45. Be4 Rd3+ 46.
Bxd3 cxd3 47. Ke3 d2 48. Ke2 Rc2 49. Be5 Kg8 50. Kd1 Ra2 51. Bd6 Kf7 52. Be5
h5 53. Bd4 a5 54. Be5 Rxa3 55. Kxd2 Ra2+ 56. Kd3 Rg2 57. Kd4 a4 58. Kc5 a3 59.
Kxb5 Rf2 60. Bd4 a2 61. c4 Rxf5+ 62. Kb4 Rf1 63. Kc5 a1=Q 64. Bxa1 Rxa1 65.
Kc6 Rh1 66. c5 Rxh4 67. Kd7 Rc4 68. c6 h4 {#R} 0-1

[Event "ICU MVCC Ch (Champ)"]
[Site "Twin Falls, ID"]
[Date "2009.03.07"]
[Round "2.3"]
[White "Porth, Adam"]
[Black "Eacker, Barry D"]
[Result "0-1"]
[WhiteElo "1220"]
[BlackElo "1633"]

1. e4 e6 2. Nf3 d5 3. e5 c5 4. d4 Nc6 5. Bb5 Bd7 6. Bxc6 Bxc6 7. O-O Qb6 8. b3
cxd4 9. Nxd4 Bc5 10. Be3 Ne7 11. Qg4 O-O 12. Nd2 Bb5 13. c4 dxc4 14. bxc4 Ba6
15. Rab1 Qc7 16. N2f3 Bxd4 17. Qxd4 Nf5 18. Qe4 Qxc4 19. Qxc4 Bxc4 20. Rfc1
Nxe3 21. fxe3 b5 22. Nd4 a6 23. Nc6 Rfe8 24. Na5 Bxa2 25. Rb2 Bd5 26. Kf2 Kf8
27. g3 Rab8 28. Rb4 Rec8 29. Ra1 Rc2+ 30. Ke1 Rbc8 31. Rd4 Rxh2 32. e4 Bxe4
33. Rxe4 Rh1+ 34. Kd2 Rxa1 35. Nb3 Ra3 36. Na5 Rxa5 37. Rd4 Ke7 {#R} 0-1

[Event "ICU MVCC Ch (Champ)"]
[Site "Twin Falls, ID"]
[Date "2009.03.08"]
[Round "3.4"]
[White "Hinton, Steve"]
[Black "Porth, Adam"]
[Result "1-0"]
[WhiteElo "1591"]
[BlackElo "1220"]

1. e4 e5 2. Bc4 Nf6 3. d3 h6 4. h3 Nc6 5. c3 Ne7 6. Nf3 d5 7. exd5 Nexd5 8.
Nxe5 Qe7 9. O-O Be6 10. Qa4+ Nd7 11. Bxd5 Bxd5 12. Nxd7 Qxd7 13. Re1+ Be7 14.
Qb4 b6 15. Nd2 c5 16. Qh4 Be6 17. Qe4 O-O 18. Nb3 Rfe8 19. Qf3 Bd6 20. Bf4
Rad8 21. d4 c4 22. Nd2 Re7 23. Qg3 Bxf4 24. Qxf4 Rde8 25. Re3 Qb5 26. b4 cxb3
27. axb3 Bxb3 28. Nxb3 Qxb3 29. Rxa7 Rxe3 30. fxe3 Qe6 31. Kh1 f6 32. Qg3 g5
33. Qc7 Kf8 {#r} 1-0

[Event "ICU MVCC Ch (Champ)"]
[Site "Twin Falls, ID"]
[Date "2009.03.08"]
[Round "4.4"]
[White "Porth, Adam"]
[Black "Myers, Hugh S"]
[Result "0-1"]
[WhiteElo "1220"]
[BlackElo "1675"]

1. e4 d5 2. exd5 Nf6 3. c4 e6 4. Qe2 Be7 5. dxe6 Bxe6 6. Nf3 Nc6 7. Ng5 Nd4 8.
Qd3 Bf5 9. Qc3 Nc2+ 10. Kd1 Nxa1 11. d3 O-O 12. h3 Bc5 13. Be3 Bxe3 14. fxe3
Re8 15. Na3 Rxe3 {#R} 0-1

[Event "Idaho Open (Reserve)"]
[Site "Pocatello, ID"]
[Date "2009.04.04"]
[Round "1.3"]
[White "Patterson, Katie Rae"]
[Black "Porth, Adam"]
[Result "0-1"]
[WhiteElo "587"]
[BlackElo "1031"]

1. e4 e5 2. Nf3 Nc6 3. Nc3 Bb4 4. a3 Ba5 5. Bc4 h6 6. O-O d6 7. d4 Bxc3 8.
bxc3 Bg4 9. h3 Bh5 10. Qd3 a6 11. a4 Nf6 12. d5 Ne7 13. Nh4 c6 14. Nf5 O-O 15.
Qg3 Nxf5 16. exf5 Rc8 17. Bxh6 Bg6 18. Bg5 Bxf5 19. Bxf6 Qxf6 20. dxc6 Rxc6
21. Bd5 Rc7 22. f4 e4 23. Rfe1 Rxc3 24. Qg5 Qd4+ 25. Kh1 Qxd5 26. Red1 Qc5 27.
Rd2 Rxc2 28. Rad1 Rxd2 29. Rxd2 Qc1+ 30. Kh2 Qxd2 31. Qxf5 e3 32. Qh5 e2 33.
Qh4 e1=Q 34. Qxe1 Qxe1 35. h4 Qxh4+ 36. Kg1 Re8 37. Kf1 Re1# 0-1

[Event "Idaho Open (Reserve)"]
[Site "Pocatello, ID"]
[Date "2009.04.04"]
[Round "2.1"]
[White "Weathers, Rickey D"]
[Black "Porth, Adam"]
[Result "1-0"]
[WhiteElo "1362"]
[BlackElo "1031"]

1. e4 e5 2. Bc4 Nf6 3. Nc3 Bb4 4. Nge2 d6 5. a3 Ba5 6. h3 c6 7. b4 b5 8. Bb3
Bb6 9. d3 Bd4 10. Bg5 O-O 11. f4 h6 12. Bh4 Be6 13. Bxe6 fxe6 14. Nxd4 exd4
15. Ne2 e5 16. f5 d5 17. Ng3 Qe8 18. Bxf6 Rxf6 19. Qg4 g5 20. h4 Qf8 21. hxg5
Qg7 22. Nh5 Qxg5 23. Nxf6+ Kf7 24. Qxg5 hxg5 25. Ng4 dxe4 26. dxe4 Na6 27.
Rh7+ Kg8 28. Nf6+ Kf8 29. Rh8+ Kf7 30. Rxa8 Kxf6 31. g4 c5 32. Rxa7 c4 33.
Rxa6+ Kf7 34. Re6 c3 35. a4 d3 36. cxd3 Kg7 37. axb5 c2 38. Ra7+ Kf8 39. Rc6
{#r} 1-0

[Event "Idaho Open (Reserve)"]
[Site "Pocatello, ID"]
[Date "2009.04.04"]
[Round "3.2"]
[White "Porth, Adam"]
[Black "Pelletti, Nathan James"]
[Result "1-0"]
[WhiteElo "1031"]
[BlackElo "587"]

1. d4 d5 2. c3 Bf5 3. Bf4 Nf6 4. e3 e6 5. Bd3 Bxd3 6. Qxd3 Ne4 7. Nd2 Nxd2 8.
Qxd2 Bd6 9. Ne2 Nc6 10. O-O g5 11. Bxd6 Qxd6 12. Rac1 h5 13. Qd3 h4 14. Qb5 g4
15. Qxb7 Rb8 16. Qa6 g3 17. fxg3 hxg3 18. Nxg3 Qd7 19. e4 Rb6 20. Qe2 Qd8 21.
Qf2 Qh4 22. Qxf7+ Kd8 23. Qf6+ Qxf6 24. Rxf6 Ke7 25. Rcf1 Rh7 26. exd5 exd5
27. R6f2 Nd8 28. Nf5+ Ke6 29. Re2+ Kd7 30. Ref2 Nf7 31. Ne3 Ke7 32. Nxd5+ Ke6
33. Nxb6 axb6 34. d5+ Ke7 35. Re1+ Kd7 36. Rf3 Ng5 37. Rg3 Nf7 38. Ree3 Nd6
39. Rh3 Rg7 40. Reg3 Rf7 41. Rf3 Rg7 42. Rhg3 Rh7 43. h3 Ne4 44. Rg4 Nd6 45.
h4 Nf7 46. h5 Nh6 47. Rg6 Ke7 48. Rff6 Ng8 49. d6+ cxd6 50. Rxd6 Rxh5 51. Rxb6
Rf5 52. Rxg8 {#r} 1-0

[Event "Idaho Open (Reserve)"]
[Site "Pocatello, ID"]
[Date "2009.04.05"]
[Round "4.3"]
[White "Porth, Adam"]
[Black "Avila, Joe L"]
[Result "1-0"]
[WhiteElo "1031"]
[BlackElo "657"]

1. d4 d6 2. c3 e6 3. Nf3 c6 4. Bf4 Nf6 5. Qc2 Nbd7 6. e3 b5 7. Bd3 Bb7 8. Nbd2
a6 9. O-O Be7 10. h3 Nh5 11. Ne4 Nxf4 12. exf4 f5 13. Ned2 O-O 14. Rfe1 Rf6
15. Ng5 Nf8 16. Nf1 Qc7 17. Re2 Rg6 18. Rae1 Bxg5 19. fxg5 Re8 20. Bxf5 Rxg5
21. Bxe6+ Kh8 22. Bg4 Rxe2 23. Rxe2 Kg8 24. Re8 Qf7 25. Be6 Qxe6 26. Rxe6 Nxe6
27. Ng3 g6 28. Ne4 c5 29. Nxg5 Nxg5 30. Qe2 Kf7 31. dxc5 d5 32. Qe3 Ne6 33. c6
Bxc6 34. Qa7+ Kf6 35. Qxa6 Be8 36. Qa8 Bf7 37. Qxd5 Nf4 38. Qxb5 Bd5 39. f3 h5
40. a4 Kg5 41. a5 Kh4 42. a6 g5 43. a7 Kg3 44. Qxd5 Ne2+ 45. Kf1 g4 46. fxg4
Nf4 47. Qf3+ Kh2 48. Qxf4+ Kh1 49. g3 {#r} 1-0

[Event "Idaho Open (Reserve)"]
[Site "Pocatello, ID"]
[Date "2009.04.05"]
[Round "5.2"]
[White "Porth, Adam"]
[Black "Montgomery, Garry"]
[Result "1-0"]
[WhiteElo "1031"]
[BlackElo "1029"]

1. d4 d5 2. c3 c6 3. Bf4 Nf6 4. Bg5 Nbd7 5. e3 e6 6. Nf3 Be7 7. Bxf6 Nxf6 8.
Bd3 O-O 9. Qc2 b6 10. Nbd2 c5 11. O-O Bb7 12. Ng5 g6 13. Rfc1 c4 14. Be2 h6
15. Ngf3 Qc7 16. Ne5 Ne4 17. Nxe4 dxe4 18. Nxc4 Rad8 19. Nd2 Qc6 20. Rf1 b5
21. a3 a6 22. f3 f5 23. f4 a5 24. Qb3 Qd5 25. Qxb5 Qxb5 26. Bxb5 Rb8 27. Bd7
Kf7 28. Nc4 Ba6 29. Ne5+ Kg7 30. Rf2 Bb5 31. a4 Bd6 32. Bxb5 Bxe5 33. dxe5
Rfd8 34. c4 Rd3 35. Ra3 Rbd8 36. Rxd3 exd3 37. Rd2 g5 38. g3 gxf4 39. gxf4 Kg6
40. c5 Rg8 41. Rg2+ Kh7 42. Rxg8 Kxg8 43. Bxd3 Kf8 44. c6 Ke8 45. Bc4 Kd8 46.
Bxe6 Kc7 47. Bd5 Kd8 48. e6 h5 49. e4 h4 50. exf5 h3 51. f6 Kc7 52. f7 Kd6 53.
f8=Q+ Kxd5 54. e7 Kxc6 55. e8=Q+ {#r} 1-0

[Event "WRW Swiss"]
[Site "Hailey, ID"]
[Date "2009.10.10"]
[Round "2.4"]
[White "Porth, Adam"]
[Black "Parsons, Larry R"]
[Result "0-1"]
[WhiteElo "1230"]
[BlackElo "2005"]

1. d4 g6 2. Nf3 Nf6 3. e3 Bg7 4. b3 c5 5. Bb2 O-O 6. Bd3 d6 7. O-O Nc6 8. Qe2
Nb4 9. dxc5 Nxd3 10. Qxd3 Bf5 11. Qd2 dxc5 12. Qe2 Qc7 13. Nc3 Rfd8 14. h3 a6
15. g4 Bd7 16. a4 Bc6 17. e4 Nxe4 18. Nxe4 Bxb2 19. Rab1 Bg7 20. Qc4 Qf4 21.
Neg5 Qxc4 22. bxc4 h6 23. Nxf7 Kxf7 24. Ne1 Rd4 25. Nd3 Rxc4 26. Rbc1 Bxa4 27.
Rfe1 Rd8 28. Ne5+ Bxe5 29. Rxe5 Rxc2 30. Rb1 Bc6 31. Rbe1 Rd7 32. Kf1 a5 33.
h4 a4 34. h5 gxh5 35. Rxh5 Rdd2 36. Rf5+ Ke8 37. Kg1 a3 38. Ra1 a2 39. Rf4 Rb2
40. Rc4 Rb1+ 41. Rxb1 axb1=Q+ 42. Kh2 Rxf2+ {#R} 0-1

[Event "WRW Swiss"]
[Site "Hailey, ID"]
[Date "2009.10.11"]
[Round "3.7"]
[White "Ellis, Chris Joseph Daryl"]
[Black "Porth, Adam"]
[Result "0-1"]
[WhiteElo "743"]
[BlackElo "1230"]

1. e4 e5 2. Nf3 Nf6 3. Nxe5 Nxe4 4. Qe2 Qe7 5. Qxe4 d6 6. d4 Nc6 7. Bb5 Bd7 8.
f4 a6 9. Bxc6 Bxc6 10. Qe2 dxe5 11. fxe5 Qh4+ 12. Qf2 Qxf2+ 13. Kxf2 Be7 14.
Re1 O-O-O 15. Nc3 Rxd4 16. e6 Rf8 17. exf7 Rxf7+ 18. Ke3 Bc5 19. Rd1 Rxd1+ 20.
Ke2 Rg1 21. g3 b5 22. a3 Rg2+ 23. Ke1 Re7+ 24. Kd1 Bf3+ 25. Ne2 Bxe2+ 26. Kd2
Bc4+ 27. Kd1 Rd7+ 28. Ke1 Rg1# 0-1

[Event "WRW Swiss"]
[Site "Hailey, ID"]
[Date "2009.10.11"]
[Round "4.6"]
[White "Jaramillo, Tyler"]
[Black "Porth, Adam"]
[Result "1-0"]
[WhiteElo "952"]
[BlackElo "1230"]

1. e4 e5 2. Nf3 Nf6 3. Nc3 Bc5 4. d4 Bb6 5. Nxe5 d5 6. Nxd5 Nxd5 7. exd5 Qe7
8. Bc4 O-O 9. h4 f6 10. d6+ Qe6 11. Bxe6+ Bxe6 12. d5 Bf5 13. O-O fxe5 14. d7
Nxd7 15. Be3 Ba5 16. h5 Nf6 17. f4 e4 18. c3 Ng4 19. Re1 Rad8 20. Qb3 Nxe3 21.
Rxe3 Bb6 22. Rae1 Rf7 23. Kh1 Bxe3 24. Rxe3 b6 25. h6 g6 26. g4 Bxg4 27. Rxe4
Bf3+ 28. Kh2 Bxe4 29. c4 Rxf4 30. Qc3 Rh4+ 31. Kg3 Rxh6 32. Qe3 Bf5 33. Qxh6
Re8 34. Qd2 h5 35. b4 Re4 36. c5 h4+ 37. Kh2 Rxb4 38. Qxb4 g5 39. d6 cxd6 40.
cxd6 Kf7 41. Qc4+ Ke8 42. Qg8+ Kd7 43. Qf7+ Kxd6 44. Qxf5 Kc6 45. Qxg5 b5 46.
Kh3 a5 47. Kxh4 a4 48. a3 Kb6 49. Kg3 Ka5 50. Qe7 Kb6 51. Qd6+ Ka5 52. Kf3 b4
53. Qxb4+ Ka6 54. Qxa4+ Kb6 55. Qb4+ Ka6 56. a4 Ka7 57. Qa5+ Kb7 58. Ke4 Kb8
59. Kd5 Kb7 60. Kd6 Kb8 61. Qc7+ Ka8 62. Qh7 Kb8 63. Kc6 Ka8 64. Kb6 Kb8 65.
Qh8# 1-0